Pacific Community members - Statistics

General Stats
  • This quiz has been taken 9 times
  • The average score is 19 of 26
Answer Stats
Members % Correct
Fiji
100%
Nauru
100%
American Samoa
88%
Australia
88%
Guam
88%
Kiribati
88%
Marshall Islands
88%
New Zealand
88%
Palau
88%
Samoa
88%
Solomon Islands
88%
Tonga
88%
Cook Islands
75%
Papua New Guinea
75%
Tuvalu
75%
United States
75%
Vanuatu
75%
Federated States of Micronesia
63%
New Caledonia
63%
Niue
63%
Northern Mariana Islands
63%
Pitcairn Islands
63%
Tokelau
63%
Wallis and Futuna
50%
France
38%
French Polynesia
25%
No matching quizzes found
Score Distribution
Percent of People with Each Score
Percentile by Number Answered
Your Score History
You have not taken this quiz